|
|
|
|
| LEADER |
00881nam a2200289 4500 |
| 001 |
DLU090069993 |
| 005 |
##20090521 |
| 040 |
# |
# |
|a DLU
|b eng
|
| 041 |
# |
# |
|a eng
|
| 044 |
# |
# |
|a US
|
| 100 |
# |
# |
|a Van Niel, Robert.
|
| 245 |
# |
# |
|a Rivalry and conflict : European traders and Asian trading networks in the 16th and 17th centuries :
|b book review /
|c Robert Van Niel.
|
| 653 |
# |
# |
|a Asia
|
| 653 |
# |
# |
|a Blusse, Leonard, 1946-
|
| 653 |
# |
# |
|a Commerce
|
| 653 |
# |
# |
|a Netherlands
|
| 653 |
# |
# |
|a Veen, Ernst van, 1933-
|
| 773 |
# |
# |
|t Journal of World History
|g Vol. 18, no. 3 (September 2007), p. 374-376
|
| 920 |
# |
# |
|a Phòng Tạp chí -- Trung tâm Thông tin - Thư viện Trường Đại học Đà Lạt
|
| 994 |
# |
# |
|a DLU
|
| 900 |
# |
# |
|a True
|
| 911 |
# |
# |
|a Trương Bảo Trâm Anh
|
| 925 |
# |
# |
|a G
|
| 926 |
# |
# |
|a A
|
| 927 |
# |
# |
|a BB
|
| 980 |
# |
# |
|a Thư viện Trường Đại học Đà Lạt
|